Normal view
MARC view
Entry Personal Name
001 - CONTROL NUMBER
- control field: 9425
003 - CONTROL NUMBER IDENTIFIER
- control field: PK-LaUMT
005 - DATE AND TIME OF LATEST TRANSACTION
- control field: 20260223102115.0
008 - FIXED-LENGTH DATA ELEMENTS
- fixed length control field: 260223|| aca||aabn | a|a d
040 ## - CATALOGING SOURCE
- Original cataloging agency: PK-LaUMT
- Transcribing agency: PK-LaUMT
100 ## - HEADING--PERSONAL NAME
- Personal name: Phulari, Rashmi GS
670 ## - SOURCE DATA FOUND
- Source citation: Work cat.: (PK-LaUMT)139839: Phulari, Rashmi GS, Textbook of dental anatomy, physiology and occulsion /, 2019
